Disney's the lion king / | (Record no. 264087)
[ view plain ]
| 000 -LEADER | |
|---|---|
| fixed length control field | 00494nam a22001697a 4500 |
| 003 - CONTROL NUMBER IDENTIFIER | |
| control field | OSt |
| 005 - DATE AND TIME OF LATEST TRANSACTION | |
| control field | 20240722121938.0 |
| 008 - FIXED-LENGTH DATA ELEMENTS--GENERAL INFORMATION | |
| fixed length control field | 240722b xxu||||| |||| 00| 0 eng d |
| 010 ## - LIBRARY OF CONGRESS CONTROL NUMBER | |
| LC control number | 93080334 |
| 020 ## - INTERNATIONAL STANDARD BOOK NUMBER | |
| International Standard Book Number | 0307127923 |
| 040 ## - CATALOGING SOURCE | |
| Transcribing agency | DLC |
| 050 ## - LIBRARY OF CONGRESS CALL NUMBER | |
| Classification number | PZ7.H8243 |
| Item number | Di 1994 |
| 100 ## - MAIN ENTRY--PERSONAL NAME | |
| Personal name | Hover, M. |
| 245 ## - TITLE STATEMENT | |
| Title | Disney's the lion king / | |
| Statement of responsibility, etc | adapted by Margo Hover ; drawn by Judy Barnes ; painted by Robbin Cuddy. |
| 260 ## - PUBLICATION, DISTRIBUTION, ETC. (IMPRINT) | |
| Place of publication, distribution, etc | Racine, Wis. : |
| Name of publisher, distributor, etc | Western Pub. Co., |
| Date of publication, distribution, etc | c1994. |
| 942 ## - ADDED ENTRY ELEMENTS (KOHA) | |
| Source of classification or shelving scheme | Library of Congress Classification |
| Koha item type | Long Loan Books |
| Withdrawn status | Lost status | Source of classification or shelving scheme | Damaged status | Not for loan | Collection code | Home library | Current library | Shelving location | Date acquired | Total Checkouts | Full call number | Barcode | Date last seen | Price effective from | Koha item type |
|---|---|---|---|---|---|---|---|---|---|---|---|---|---|---|---|
| Library of Congress Classification | Fiction | Rongo University Library | Rongo University Library | Children's Area | 22/07/2024 | PZ7.H8243 Di 1994 | CL20243534 | 22/07/2024 | 22/07/2024 | Long Loan Books |
